<?xml version="1.0" encoding="UTF-8"?><?xml-stylesheet type="text/xsl" href="static/style.xsl"?><OAI-PMH xmlns="http://www.openarchives.org/OAI/2.0/" xmlns:xsi="http://www.w3.org/2001/XMLSchema-instance" xsi:schemaLocation="http://www.openarchives.org/OAI/2.0/ http://www.openarchives.org/OAI/2.0/OAI-PMH.xsd"><responseDate>2026-04-14T03:47:28Z</responseDate><request verb="GetRecord" identifier="oai:www.recercat.cat:2445/135485" metadataPrefix="marc">https://recercat.cat/oai/request</request><GetRecord><record><header><identifier>oai:recercat.cat:2445/135485</identifier><datestamp>2025-12-05T15:58:29Z</datestamp><setSpec>com_2072_1057</setSpec><setSpec>col_2072_478860</setSpec><setSpec>col_2072_478917</setSpec></header><metadata><record xmlns="http://www.loc.gov/MARC21/slim" xmlns:dcterms="http://purl.org/dc/terms/" xmlns:xsi="http://www.w3.org/2001/XMLSchema-instance" xmlns:doc="http://www.lyncode.com/xoai" xsi:schemaLocation="http://www.loc.gov/MARC21/slim http://www.loc.gov/standards/marcxml/schema/MARC21slim.xsd">
   <leader>00925njm 22002777a 4500</leader>
   <datafield ind2=" " ind1=" " tag="042">
      <subfield code="a">dc</subfield>
   </datafield>
   <datafield ind2=" " ind1=" " tag="720">
      <subfield code="a">López Pousa, Secundino</subfield>
      <subfield code="e">author</subfield>
   </datafield>
   <datafield ind2=" " ind1=" " tag="720">
      <subfield code="a">Monserrat-Vila, Sílvia</subfield>
      <subfield code="e">author</subfield>
   </datafield>
   <datafield ind2=" " ind1=" " tag="720">
      <subfield code="a">Turró-Garriga, Oriol</subfield>
      <subfield code="e">author</subfield>
   </datafield>
   <datafield ind2=" " ind1=" " tag="720">
      <subfield code="a">Aguilar, Miquel</subfield>
      <subfield code="e">author</subfield>
   </datafield>
   <datafield ind2=" " ind1=" " tag="720">
      <subfield code="a">Caja López, Carmen</subfield>
      <subfield code="e">author</subfield>
   </datafield>
   <datafield ind2=" " ind1=" " tag="720">
      <subfield code="a">Vilalta-Franch, Joan</subfield>
      <subfield code="e">author</subfield>
   </datafield>
   <datafield ind2=" " ind1=" " tag="720">
      <subfield code="a">Pericot Nierga, Imma</subfield>
      <subfield code="e">author</subfield>
   </datafield>
   <datafield ind2=" " ind1=" " tag="720">
      <subfield code="a">Turon-Estrada, Antoni</subfield>
      <subfield code="e">author</subfield>
   </datafield>
   <datafield ind2=" " ind1=" " tag="720">
      <subfield code="a">Turbau-Recio, Josefa</subfield>
      <subfield code="e">author</subfield>
   </datafield>
   <datafield ind2=" " ind1=" " tag="720">
      <subfield code="a">Coll de Tuero, Gabriel</subfield>
      <subfield code="e">author</subfield>
   </datafield>
   <datafield ind2=" " ind1=" " tag="720">
      <subfield code="a">Garre Olmo, Josep</subfield>
      <subfield code="e">author</subfield>
   </datafield>
   <datafield ind2=" " ind1=" " tag="260">
      <subfield code="c">2019-06-19T12:38:45Z</subfield>
   </datafield>
   <datafield ind2=" " ind1=" " tag="260">
      <subfield code="c">2019-06-19T12:38:45Z</subfield>
   </datafield>
   <datafield ind2=" " ind1=" " tag="260">
      <subfield code="c">2009-09-15</subfield>
   </datafield>
   <datafield ind2=" " ind1=" " tag="260">
      <subfield code="c">2019-06-19T12:38:45Z</subfield>
   </datafield>
   <datafield ind2=" " ind1=" " tag="520">
      <subfield code="a">Objetivo: análisis descriptivo de la actividad ambulatoria en un servicio de neurología en relación con la frecuencia y tipo de enfermedades neurológicas atendidas. Pacientes y métodos: estudio retrospectivo y trasversal de los pacientes remitidos a la consulta ambulatoria de neurología. Se registraron consecutivamente los casos visitados por primera vez durante los años 2006 y 2007. Se evaluó la documentación médica a partir de los registros hospitalarios informatizados, recogiéndose: zona de salud de referencia, fecha de visita, edad, sexo y diagnóstico según la Clasificación Internacional de Enfermedades, 9.ª edición, modificación clínica (CIE-9-MC), reconvertida a la Clasificación Internacional de Enfermedades, 10.ª edición (CIE-10). Resultados: la media de edad fue de 60,6 ± 20,9 años (rango: 4-95 años) y el 61,4% fueron mujeres. El índice de frecuentación fue de 4,3 solicitudes/1.000 habitantes para el año 2006 y de 3,9 para el año 2007, y se observó un incremento con la edad para las enfermedades neurodegenerativas. Respecto a la CIE-10, las enfermedades se clasificaron como episódicas y paroxísticas (25%), degenerativas y desmielinizantes (18,6%), trastornos mentales orgánicos (14,7%), síndromes extrapiramidales (10,5%), enfermedades de la circulación cerebral (3,5%), trastornos relacionados con el estrés y somatomorfos (3,5%) y enfermedades del oído interno (3,3%). Las demás patologías no alcanzaron el 3%. El 61% de los pacientes presentó enfermedades del sistema nervioso central y el 20,3%, trastornos psiquiátricos. Las enfermedades más frecuentes fueron los trastornos cognitivos (31,5%), las cefaleas (18,6%) y los trastornos del movimiento (11,7%), seguidas de las enfermedades psiquiátricas, epilepsias, enfermedades cerebrovasculares y neuropatías. Conclusiones: la frecuentación de las visitas aumenta con la edad, y el orden según la frecuencia fue: episódicas y paroxísticas, degenerativas y desmielinizantes, trastornos psicóticos y del comportamiento, y síndromes extrapiramidales.</subfield>
   </datafield>
   <datafield tag="653" ind2=" " ind1=" ">
      <subfield code="a">Atenció primària</subfield>
   </datafield>
   <datafield tag="653" ind2=" " ind1=" ">
      <subfield code="a">Neurologia</subfield>
   </datafield>
   <datafield tag="653" ind2=" " ind1=" ">
      <subfield code="a">Diagnòstic</subfield>
   </datafield>
   <datafield tag="653" ind2=" " ind1=" ">
      <subfield code="a">Epidemiologia</subfield>
   </datafield>
   <datafield tag="653" ind2=" " ind1=" ">
      <subfield code="a">Girona (Catalunya : Província)</subfield>
   </datafield>
   <datafield tag="653" ind2=" " ind1=" ">
      <subfield code="a">Primary health care</subfield>
   </datafield>
   <datafield tag="653" ind2=" " ind1=" ">
      <subfield code="a">Neurology</subfield>
   </datafield>
   <datafield tag="653" ind2=" " ind1=" ">
      <subfield code="a">Diagnosis</subfield>
   </datafield>
   <datafield tag="653" ind2=" " ind1=" ">
      <subfield code="a">Epidemiology</subfield>
   </datafield>
   <datafield tag="653" ind2=" " ind1=" ">
      <subfield code="a">Girona (Catalonia : Province)</subfield>
   </datafield>
   <datafield ind2="0" ind1="0" tag="245">
      <subfield code="a">Análisis de la demanda asistencial neurológica generada por la atención primaria en una área geográfica de las comarcas de Girona</subfield>
   </datafield>
</record></metadata></record></GetRecord></OAI-PMH>